Представление документа в формате RUSMARC

ПолеНазваниеЗначение
  Тип записи a
  Библиографический уровень a
001 Контрольный номер RU/CBS_UL/BASE/571583460
005 Дата корректировки 20240209175221.3
100 Данные общей обработки __
a Данные общей обработки 20180210d2018 ||| 0rusy0189 ca
101 Язык документа 0_
a Язык текста rus
102 Страна публикации __
a Страна публикации RU
105 Кодированные данные (монография) __
a Кодированные данные (монография) y###||||000|y
200 Заглавие и сведения об ответственности 1_
a Заглавие Почему не стоит заводить крысу
b Общее обозначение материала Текст
e Сведения, относящиеся к заглавию [цель статьи – не заставить вас передумать приобретать грызуна, а дать осознать уровень ответственности]
f Первые сведения об ответственности И. Романова
300 Общие примечания __
a Общие примечания Ограничения по возрасту - 6+
461 Уровень набора _0
1 2000
a В мире животных
463 Уровень физической единицы _0
1 001RU/CBS_UL/BASE/571578138
1 2000
a № 12
v С. 32-37 : фото
1 210
d 2017
606 Тематические рубрики 0_
a Основная рубрика Домашние питомцы - Крысы
610 Ключевые слова 0_
a Ключевые слова крысы
a Ключевые слова содержание
a Ключевые слова уход
a Ключевые слова роденты
686 Индексы других классификаций __
a Классификационный индекс 46.7
2 Код системы ББК
700 Автор _1
a Фамилия Романова
b Имя (инициалы) И.
801 Источник записи _0
a Страна RU
b Организация МБУК ЦБС г. Ульяновска
c Дата составления 20180210
g Правила каталогизации RCR
801 Источник записи _1
a Страна RU
b Организация МБУК ЦБС г. Ульяновска
c Дата составления 20180210
g Правила каталогизации RCR
901 Тип документа __
t Тип документа b
w Контрольный № источника RU/CBS_UL/BASE/571578138
910 Корректоры записи __
a Корректор записи Библиотека 18
938 Служебная информация __
a Имя БД period